Smarter Than the Average Sporcler? II Quiz Stats

 Plays Quiz Updated Feb 2, 2019

Support Sporcle.
Go Orange.
Score 0/20 Timer 06:00
4 Plays Today
Question Answer % Correct
Name the company whose products include IMDB, Kindle, and Alexa.Amazon
82.1%
What animal is referred to by the adjective lupine?Wolf
68.3%
Name the second half of the company Smith & ___.Wesson
65.9%
What presidential surname is also the first name of the lead character in a 'Family Guy' spin-off?Cleveland
62.7%
Name Maryland's largest newspaper (initials are B.S.).Baltimore Sun
62.5%
What animal is the dish 'Rocky Mountain Oysters' made from?Bull (testicles)
56.5%
Anyone can hold me, even without their hands, yet no one can do it for long. What am I?Breath
55.8%
Name the OO word from this clue: 'A religion that is derived from African polytheism and ancestor worship.'Voodoo
52.6%
What brand of turkey is the biggest seller in the U.S.?Butterball
52.1%
Name the board game from these hints: Pop-o-matic, Die, Colored Pieces.Trouble
52%
Question Answer % Correct
Name the 1997 animated film that begins with 'A' and matches this plot clue: 'Russian history is totally ignored.'Anastasia
50.4%
Name the city where the NHL's Carolina Hurricanes play their home games.Raleigh
49.9%
Name the band that formed in 1980 and featured Annie Lennox.Eurythmics
44%
Name the music artist who sang 'Da Ya Think I'm Sexy' (1978).Rod Stewart
43.7%
What TV character goes with the catchphrase 'That’s what she said'?Michael Scott
43.2%
What is XVI*III? (You must answer with a Roman numeral.)XLVIII
40.8%
Name the term that contains 'new' based on this clue: 'Prize given for excellence in children's literature.'John Newbery Medal
38.5%
Name the actor who played these roles: Norman Dale, Popeye Doyle, and Lex Luthor.Gene Hackman
34.9%
Name the MLB player who had the most home runs during Richard Nixon's presidency.Hank Aaron
34.1%
What animal goes with these species/breeds: Monk, Elephant, Leopard.Seal
33.1%

From the Vault

20th Century Match-Up

by khands

History 6m
With these names and places, you'll be able to piece together a good part of the 20th century.
Remove Ads.
Support Sporcle.
Get the best of Sporcle when you Go Orange. This ad-free experience offers more features, more stats, and more fun while also helping to support Sporcle. Thank you for becoming a member.

Show Comments

Extras

Top Quizzes Today


Score Distribution

Your Account Isn't Verified!

In order to create a playlist on Sporcle, you need to verify the email address you used during registration. Go to your Sporcle Settings to finish the process.

Report this User

Report this user for behavior that violates our Community Guidelines.

Details: